Nitrogen as an ecological factor (Record no. 37077)

MARC details
000 -LEADER
fixed length control field 00279nam a2200109Ia 4500
082 ## - DEWEY DECIMAL CLASSIFICATION NUMBER
Classification number 631.461.5:546.17
Item number LEE
245 #0 - TITLE STATEMENT
Title Nitrogen as an ecological factor
260 ## - PUBLICATION, DISTRIBUTION, ETC. (IMPRINT)
Place of publication Oxford
Name of publisher Blackwell
Year of publication 1983
700 ## - ADDED ENTRY--PERSONAL NAME
Personal name Lee, J A
942 ## - ADDED ENTRY ELEMENTS (KOHA)
Koha item type Books
Holdings
Withdrawn status Lost status Damaged status Not for loan Home library Current library Date acquired Cost, normal purchase price Full call number Accession Number Koha item type
        RRII Library RRII Library 16/12/2021 33.50 631.461.5:546.17 LEE 17468 Books